Hrabal na javisku neustále

Podrobná bibliografia
Hlavný autor: Fuchs, Aleš, 1932-2024 (Autor)
Médium: Článok
Jazyk:slovenčina
Predmet:

MARC

LEADER 00000nab a2200000 a 4500
001 vtls000511669
003 SK-MaSNL
005 20260305021449.0
008 160202c1994 xo 0 slo
015 |a SNBRB19rr/mm-uuuuu 
035 |a CL0511807 
040 |a SNKBUCL  |b slo  |c SNKBUCL  |e AACR2 
041 0 |a slo 
044 |a xo  |c SK 
080 |a 792.2  |2 1981 
100 1 |a Fuchs, Aleš,  |d 1932-2024  |4 aut  |9 118499 
245 1 0 |a Hrabal na javisku neustále  |c Aleš Fuchs 
600 1 7 |a Hrabal, Bohumil,  |d 1914-1997  |t Hlučná samota  |2 snkbucl  |9 53506 
610 7 |a Divadlo Bez zábradlí  |2 snkbucl  |9 220378 
655 7 |a články z novín a časopisov  |2 snkbucl  |9 267496 
773 0 |t Javisko  |g Roč. 26, č. 3 (1994), s. 40 
850 |a Slovenská národná knižnica v Martine  |a MTA001 
852 |a SNK  |b KIS3GCP 
958 |a RK 
958 |a CZ 
992 |a RBX 
999 |c 3286076  |d 3288006